Manual de clases pasivas civiles / (Record no. 131287)

MARC details
000 -LEADER
campo de control de longitud fija 00712nam a2200193 4500
001 - NÚMERO DE CONTROL
campo de control 131287
003 - IDENTIFICADOR DE NÚMERO DE CONTROL
campo de control ES-MaACL
005 - FECHA Y HORA DE LA ÚLTIMA TRANSACCIÓN
campo de control 20250806044424.0
007 - CAMPO FIJO DE DESCRIPCIÓN FÍSICA--INFORMACIÓN GENERAL
campo de control de longitud fija t|
008 - DATOS DE LONGITUD FIJA--INFORMACIÓN GENERAL
campo de control de longitud fija 070214s1905 sp r ||||1| spa d
100 1# - ENTRADA PRINCIPAL--NOMBRE DE PERSONA
Nombre de persona Rodríguez Vilallonga, Antonio Gabriel,
Fechas asociadas al nombre 1858-1936
9 (RLIN) 98858
245 10 - MENCIÓN DEL TÍTULO
Título Manual de clases pasivas civiles /
Mención de responsabilidad, etc. Antonio Gabriel Rodríguez, Ricardo del Rivero Iglesias ; prólogo de Angel Urzáiz.
260 ## - PUBLICACIÓN, DISTRIBUCIÓN, ETC.
Lugar de publicación, distribución, etc. Madrid :
Nombre del editor, distribuidor, etc. [s.n.],
Fecha de publicación, distribución, etc. 1905 (
Fabricante Imp. de los hijos de M. G. Hernández)
300 ## - DESCRIPCIÓN FÍSICA
Extensión 410 p. ;
Dimensiones 25 cm.
700 1# - ENTRADA AGREGADA--NOMBRE PERSONAL
Nombre de persona Rivero Iglesias, Ricardo del,
Fechas asociadas al nombre 1869-1937
9 (RLIN) 97702
700 1# - ENTRADA AGREGADA--NOMBRE PERSONAL
Nombre de persona Urzáiz y Cuesta, Angel.
9 (RLIN) 112285
852 ## - LOCALIZACIÓN
Ubicación ES-MaACL
Número de control de estantería F-11075
Holdings
Estatus retirado Estado de pérdida Estado de daño No para préstamo Biblioteca de origen Biblioteca actual Ubicación en estantería Fecha de adquisición Fuente de adquisición Total de préstamos Signatura topográfica completa Código de barras Visto por última vez Precio de reemplazo Tipo de ítem Koha
        Biblioteca del Ateneo de Madrid Biblioteca del Ateneo de Madrid Sala Pecera Planta 2 17/01/2008     F-11075 1136681 23/02/2023 23/02/2023 Libro impreso